[Event "Pavlodar Open 2016"]
[Site "Pavlodar, "]
[Date "2016.11.22"]
[Round "2"]
[White "Malakhatko, Vadim"]
[Black "Sannikov, Igor"]
[Result "1-0"]
[WhiteElo "2504"]
[BlackElo "2219"]
[PlyCount "69"]
[EventDate "2017.??.??"]

1. c4 c5 2. g3 Nf6 3. Bg2 g6 4. Nc3 Bg7 5. e3 Nc6 6. Nge2 O-O 7. O-O d6 8. d4
cxd4 9. exd4 Bf5 10. h3 h5 11. Bg5 Qc8 12. Kh2 e5 13. dxe5 dxe5 14. Nd5 Nxd5
15. cxd5 Nd4 16. Nxd4 exd4 17. Rc1 Qd7 18. Rc4 Rfe8 19. Rxd4 Bxd4 20. Qxd4 Qd6
21. Rd1 b6 22. Bf4 Qf8 23. d6 Rad8 24. Bg5 Rd7 25. Bc6 Re2 26. g4 hxg4 27. hxg4
Be6 28. Kg3 f6 29. Bxd7 Bxd7 30. Bxf6 Re6 31. g5 Kf7 32. Qd5 Qc8 33. Rh1 Qc6
34. Rh7+ Ke8 35. Re7+ 1-0

[Event "Pavlodar Open 2016"]
[Site "Pavlodar, "]
[Date "2016.11.22"]
[Round "3"]
[White "Makhnyov, Denis"]
[Black "Kashkarov, Mikhail"]
[Result "1-0"]
[WhiteElo "2366"]
[BlackElo "2095"]
[PlyCount "57"]
[EventDate "2017.??.??"]

1. d4 Nf6 2. c4 e6 3. Nc3 d5 4. Nf3 Be7 5. Bf4 O-O 6. e3 c6 7. h3 dxc4 8. Bxc4
b5 9. Bd3 a6 10. O-O Nbd7 11. Ne4 c5 12. dxc5 Nxc5 13. Nxc5 Bxc5 14. Qc2 Be7
15. Rfd1 Qe8 16. Ng5 Bb7 17. Bxh7+ Kh8 18. Bd3 Rc8 19. Qe2 Qc6 20. Be4 Qb6 21.
Be5 Bxe4 22. Bxf6 gxf6 23. Nxe4 Qc6 24. Qh5+ Kg7 25. Rd6 Bxd6 26. Qg4+ Kh8 27.
Qh4+ Kg7 28. Qxf6+ Kh7 29. Qh4+ 1-0

[Event "Pavlodar Open 2016"]
[Site "Pavlodar, "]
[Date "2016.11.24"]
[Round "5"]
[White "Kvan, Andrey"]
[Black "Klimenko, Igor"]
[Result "1-0"]
[WhiteElo "2180"]
[BlackElo "2337"]
[PlyCount "159"]
[EventDate "2017.??.??"]

1. d4 Nf6 2. Nc3 d5 3. Bg5 Bf5 4. Qd2 c6 5. f3 Nbd7 6. e4 dxe4 7. Qf4 Qa5 8.
O-O-O e6 9. fxe4 Nxe4 10. Nxe4 Bxe4 11. Nh3 Bg6 12. Bc4 Qf5 13. Qd2 Bb4 14. Qe2
Nb6 15. d5 Qe4 16. d6 Bxd6 17. Qxe4 Bxe4 18. Bf1 Be7 19. Be3 Rd8 20. Re1 Bg6
21. Nf4 O-O 22. Nxg6 hxg6 23. c3 Rd5 24. h4 Rfd8 25. Kc2 Re5 26. Bd3 Bc5 27.
Bg5 Rxe1 28. Rxe1 Rd7 29. Re4 Nd5 30. Bc4 Be7 31. Bc1 Nf6 32. Re2 Kf8 33. a4
Bd6 34. Be3 b6 35. Bf2 Ng4 36. Be1 e5 37. b4 Be7 38. Bg3 Bd6 39. Be1 Rd8 40. b5
cxb5 41. axb5 Bc5 42. Bb3 f5 43. Bd2 f4 44. Be6 Ne3+ 45. Bxe3 Bxe3 46. c4 Ke7
47. Bd5 Kf6 48. g3 g5 49. hxg5+ Kxg5 50. Kd3 Kf5 51. g4+ Kxg4 52. Rg2+ Kf5 53.
Rxg7 e4+ 54. Ke2 Bc5 55. Rh7 f3+ 56. Kf1 Rxd5 57. cxd5 e3 58. Rh4 e2+ 59. Ke1
Ke5 60. Ra4 Kxd5 61. Rf4 f2+ 62. Kxe2 Ke5 63. Rf7 Kd5 64. Kd3 Ke6 65. Rf4 Kd6
66. Ke4 Ke6 67. Rf3 Kd6 68. Rf6+ Ke7 69. Rf3 Ke6 70. Rf5 a5 71. bxa6 b5 72. Rf3
Ba7 73. Kd3 Ke5 74. Ke2 Ke6 75. Rxf2 b4 76. Rh2 b3 77. Kd3 Kd5 78. Rh7 Bd4 79.
a7 b2 80. a8=Q+ 1-0

[Event "Pavlodar Open 2016"]
[Site "Pavlodar, "]
[Date "2016.11.24"]
[Round "5"]
[White "Kuderinov, Kirill"]
[Black "Nyshanbayev, B."]
[Result "1-0"]
[WhiteElo "2484"]
[BlackElo "2182"]
[PlyCount "81"]
[EventDate "2017.??.??"]

1. e4 d6 2. d4 Nf6 3. Nc3 e5 4. Nf3 Nbd7 5. g3 g6 6. Bg2 Bg7 7. O-O O-O 8. Re1
a6 9. a4 b6 10. a5 b5 11. d5 Bb7 12. Na2 c5 13. dxc6 Bxc6 14. Qxd6 Bxe4 15. Nb4
Re8 16. Bg5 Bf8 17. Qd2 Qc7 18. c3 Qb7 19. Qe2 h6 20. Bxf6 Nxf6 21. Nh4 Bxg2
22. Nxg2 Bxb4 23. cxb4 Qe7 24. Qe3 h5 25. Qc5 Qe6 26. Nf4 Qf5 27. Nd5 Nxd5 28.
Qxd5 Rad8 29. Qe4 Qxe4 30. Rxe4 Rd4 31. Rxd4 exd4 32. Rd1 Rd8 33. Kg2 d3 34.
Rd2 Rd4 35. b3 Kf8 36. Kf3 Ke7 37. Ke3 Rxb4 38. Rxd3 h4 39. f3 hxg3 40. hxg3
Ke6 41. Kd2 1-0

[Event "Pavlodar Open 2016"]
[Site "Pavlodar, "]
[Date "2016.11.22"]
[Round "3"]
[White "Kuderinov, Kirill"]
[Black "Nasybullina, Alfia"]
[Result "1-0"]
[WhiteElo "2484"]
[BlackElo "2190"]
[PlyCount "87"]
[EventDate "2017.??.??"]

1. e4 c5 2. Nf3 e6 3. d3 Nc6 4. g3 d5 5. Nbd2 Nf6 6. Bg2 Be7 7. O-O O-O 8. Re1
dxe4 9. dxe4 e5 10. c3 Qc7 11. Qc2 b5 12. a4 b4 13. Nc4 Be6 14. Bf1 Nd7 15. Ne3
Qb7 16. a5 a6 17. Nd2 Bg5 18. Ndc4 Bxe3 19. Bxe3 Qc7 20. Qa4 Rfd8 21. f3 Qb7
22. Bf2 g6 23. Red1 Qc7 24. Ne3 Nf6 25. Rxd8+ Rxd8 26. Bxa6 Ra8 27. Qb5 Bd7 28.
Nd5 Nxd5 29. exd5 Nd8 30. Qe2 bxc3 31. bxc3 Bh3 32. Bd3 Rxa5 33. Rxa5 Qxa5 34.
Qxe5 Qa1+ 35. Qe1 Qa5 36. Bf1 Bxf1 37. Kxf1 Qc7 38. Qe8+ Kg7 39. c4 Nb7 40. Qc6
Qe7 41. d6 Nxd6 42. Bxc5 Qb7 43. Qxd6 Qxf3+ 44. Kg1 1-0

[Event "Pavlodar Open 2016"]
[Site "Pavlodar, "]
[Date "2016.11.23"]
[Round "4"]
[White "Kostenko, Petr"]
[Black "Nurzhanov, Timur"]
[Result "1-0"]
[WhiteElo "2465"]
[BlackElo "2169"]
[PlyCount "101"]
[EventDate "2017.??.??"]

1. e4 c5 2. Nf3 e6 3. c4 a6 4. Be2 d6 5. d4 cxd4 6. Nxd4 Nf6 7. Nc3 Be7 8. O-O
O-O 9. Be3 Qc7 10. Qd2 b6 11. Rfc1 Bb7 12. f3 Nbd7 13. Bf1 Rac8 14. Kh1 Qb8 15.
b4 Rfd8 16. Rab1 g6 17. Bh6 Kh8 18. Na4 Qa7 19. Re1 Re8 20. Nb3 Bc6 21. Nb2 Qb8
22. a4 Ba8 23. a5 d5 24. exd5 bxa5 25. dxe6 fxe6 26. Nc5 Qxb4 27. Nxd7 Qxd2 28.
Bxd2 Nxd7 29. Bxa5 Bf6 30. Na4 Bd4 31. c5 Nxc5 32. Bb6 Bd5 33. Bxa6 Nxa6 34.
Bxd4+ Kg8 35. Nb6 Rcd8 36. Kg1 Ba2 37. Rb2 Rxd4 38. Rxa2 Nc5 39. Ra7 Rb8 40.
Rc1 Rb7 41. Rxb7 Nxb7 42. Rc7 Nd6 43. Nd7 Ne8 44. Ra7 Rf4 45. Ra8 Kf7 46. Nc5
Rf6 47. Kf2 Ng7 48. Ne4 Rf4 49. g3 Rf5 50. Nd6+ Kf6 51. Ra7 1-0

[Event "Pavlodar Open 2016"]
[Site "Pavlodar, "]
[Date "2016.11.27"]
[Round "8"]
[White "Kostenko, Petr"]
[Black "Mamyrbay, Assad"]
[Result "1-0"]
[WhiteElo "2465"]
[BlackElo "2284"]
[PlyCount "28"]
[EventDate "2017.??.??"]

1. c4 c5 2. g3 g6 3. Bg2 Bg7 4. Nc3 Nc6 5. Nf3 e5 6. O-O d6 7. a3 a5 8. Ne1 Be6
9. b3 Nge7 10. Nc2 d5 11. cxd5 Nxd5 12. Ne3 Nb6 13. Na4 Nxa4 14. Bxc6+ bxc6 {
... 69} 1-0

[Event "Pavlodar Open 2016"]
[Site "Pavlodar, "]
[Date "2016.11.29"]
[Round "10"]
[White "Khegay, Dmitriy"]
[Black "Nevostrujev, Vladimir"]
[Result "1-0"]
[WhiteElo "2485"]
[BlackElo "2406"]
[PlyCount "65"]
[EventDate "2017.??.??"]

1. e4 c5 2. Nf3 d6 3. d4 cxd4 4. Nxd4 Nf6 5. Nc3 a6 6. Bg5 e6 7. Qd3 h6 8. Bh4
Nbd7 9. O-O-O g5 10. Bg3 Ne5 11. Qe3 Qc7 12. h4 g4 13. h5 Bd7 14. f4 gxf3 15.
gxf3 Rc8 16. f4 Nc4 17. Bxc4 Qxc4 18. Bh4 Nxh5 19. e5 d5 20. f5 Bc5 21. f6 Rg8
22. Bf2 Rg5 23. Qf3 Ng3 24. Rxh6 Rg8 25. Bxg3 Bxd4 26. Rh4 Bxc3 27. Rxc4 Rxc4
28. bxc3 Rcg4 29. Bf2 Bc6 30. Qe3 Kd7 31. Qc5 Kc8 32. Qe7 Be8 33. Bb6 1-0

[Event "Pavlodar Open 2016"]
[Site "Pavlodar, "]
[Date "2016.11.27"]
[Round "8"]
[White "Khegay, Dmitriy"]
[Black "Agmanov, Zhandos"]
[Result "1-0"]
[WhiteElo "2485"]
[BlackElo "2356"]
[PlyCount "47"]
[EventDate "2017.??.??"]

1. g3 Nf6 2. Bg2 e6 3. e4 c5 4. f4 d6 5. d3 Nc6 6. Nf3 Be7 7. O-O O-O 8. h3 Ne8
9. c3 f5 10. Be3 g6 11. Nbd2 Nc7 12. d4 cxd4 13. Nxd4 Nxd4 14. Bxd4 Bf6 15.
Bxf6 Qxf6 16. Nc4 Rd8 17. Qe2 fxe4 18. Qxe4 Ne8 19. Qe3 Bd7 20. Rfe1 Qe7 21.
Rad1 b5 22. Bxa8 Rxa8 23. Nxd6 Nxd6 24. Qc5 1-0

[Event "Pavlodar Open 2016"]
[Site "Pavlodar, "]
[Date "2016.11.25"]
[Round "6"]
[White "Kazakov, Konstantin"]
[Black "Bekturov, Tamerlan"]
[Result "1-0"]
[WhiteElo "2285"]
[BlackElo "2032"]
[PlyCount "108"]
[EventDate "2017.??.??"]

1. d4 d5 2. Nf3 Nc6 3. g3 Bg4 4. Bg2 e6 5. O-O Nf6 6. b3 Be7 7. Bb2 O-O 8. c4
Ne4 9. Nfd2 Bf6 10. f3 Nxd2 11. Qxd2 Bh5 12. e3 a5 13. Nc3 Re8 14. g4 Bg6 15.
cxd5 exd5 16. f4 Rxe3 17. f5 Bxd4 18. Kh1 Qh4 19. fxg6 hxg6 20. Nxd5 Be5 21.
Bxe5 Rxe5 22. Qf2 Qxf2 23. Rxf2 Rd8 24. Rd1 Kf8 25. Rdf1 Rd7 26. Nf4 Ke8 27. h3
Nd8 28. g5 c6 29. h4 Rd4 30. Kh2 a4 31. Kg3 axb3 32. axb3 Rb4 33. Rf3 Ree4 34.
Rd3 Red4 35. Re3+ Kd7 36. Nd3 Rb5 37. Ne5+ Kc7 38. Nxf7 Rbb4 39. Ne5 Rxh4 40.
Rd1 Ne6 41. Nc4 Rd4 42. Rc1 Nxg5 43. Rcc3 Nf7 44. Re7+ Rd7 45. Re6 Nd6 46. Rxg6
Nf5+ 47. Kf2 Nd4 48. Nd2 Re7 49. Bf1 Rf7+ 50. Ke1 Nf5 51. Bc4 Re7+ 52. Kd1 Nh4
53. Rg5 Rd7 54. Ke2 g6 1-0

[Event "Pavlodar Open 2016"]
[Site "Pavlodar, "]
[Date "2016.11.25"]
[Round "6"]
[White "Gabrielian, Artur"]
[Black "Zubarev, Alexander"]
[Result "1-0"]
[WhiteElo "2523"]
[BlackElo "2508"]
[PlyCount "73"]
[EventDate "2017.??.??"]

1. e4 c5 2. Nf3 e6 3. d4 cxd4 4. Nxd4 Nc6 5. Nc3 Qc7 6. Be3 a6 7. Qf3 Bd6 8.
O-O-O Be5 9. g3 Nge7 10. Qe2 b5 11. f4 Nxd4 12. Bxd4 Bxd4 13. Rxd4 Nc6 14. Rd2
d6 15. Qd3 Bb7 16. Qxd6 Qxd6 17. Rxd6 Ke7 18. Rd2 Rac8 19. Bd3 Na5 20. a3 Nc4
21. Bxc4 Rxc4 22. Rhd1 Bc6 23. Rd4 Rxd4 24. Rxd4 h6 25. e5 g5 26. Rd6 Rc8 27.
Ne2 gxf4 28. gxf4 a5 29. Nd4 Bd7 30. Ra6 Rc4 31. c3 b4 32. Kc2 bxc3 33. bxc3 a4
34. Ra7 Rc8 35. Kd3 Ke8 36. c4 Rc5 37. Kc3 1-0

[Event "Pavlodar Open 2016"]
[Site "Pavlodar, "]
[Date "2016.11.21"]
[Round "1"]
[White "Gabrielian, Artur"]
[Black "Tashimova, Nadiya"]
[Result "1-0"]
[WhiteElo "2523"]
[BlackElo "2054"]
[PlyCount "110"]
[EventDate "2017.??.??"]

1. e4 c6 2. d4 d5 3. e5 Bf5 4. Nf3 e6 5. Be2 c5 6. Be3 Nd7 7. O-O Ne7 8. c4
dxc4 9. Na3 Nd5 10. Nxc4 b5 11. Bg5 Qc7 12. Nd6+ Bxd6 13. exd6 Qxd6 14. dxc5
Qxc5 15. Rc1 Qd6 16. Nd4 Bg6 17. Rc6 Qe5 18. f4 Qe3+ 19. Kh1 O-O 20. Bxb5 e5
21. Nf3 e4 22. Qxd5 exf3 23. Rxf3 Be4 24. Rxe3 Bxd5 25. Rc7 Nb6 26. Ra3 a5 27.
Kg1 f6 28. Bh4 Rfd8 29. Rg3 Bf7 30. Bxf6 Rd1+ 31. Kf2 g6 32. Be2 Rd2 33. Ke1
Rd5 34. Be5 Rad8 35. Re3 Nd7 36. Bc3 Kf8 37. Bf3 Rf5 38. Bg4 Rd5 39. Bf3 Rf5
40. a3 Nc5 41. g3 Ne6 42. Ra7 Nd4 43. Bxd4 Rxd4 44. Re5 Rxe5+ 45. fxe5 a4 46.
Bd1 Be8 47. Bc2 h5 48. Ke2 h4 49. Ke3 hxg3 50. hxg3 Rg4 51. Kf3 Rc4 52. Bd3 Rd4
53. Bb1 Rc4 54. Ke3 g5 55. g4 Bf7 1-0

[Event "Pavlodar Open 2016"]
[Site "Pavlodar, "]
[Date "2017.11.23"]
[Round "4"]
[White "Egorov, Evgeny"]
[Black "Salimov, Ruslan"]
[Result "1-0"]
[WhiteElo "2361"]
[BlackElo "2054"]
[PlyCount "92"]
[EventDate "2017.??.??"]

1. e4 d6 2. Nc3 Nf6 3. f4 g6 4. Nf3 Bg7 5. d4 O-O 6. Be3 b6 7. e5 Ng4 8. Bg1
Bb7 9. e6 Nh6 10. exf7+ Nxf7 11. d5 e5 12. dxe6 Qe7 13. Bc4 Nd8 14. Nd5 Bxd5
15. Bxd5 c6 16. Bb3 d5 17. c4 Nxe6 18. Kf1 d4 19. c5 Kh8 20. Qe2 Nd7 21. Qxe6
Qxe6 22. Bxe6 Nxc5 23. Bc4 Rxf4 24. Rd1 Raf8 25. h4 Ne4 26. Rh3 g5 27. hxg5
Nxg5 28. Rh5 Nxf3 29. gxf3 Rxf3+ 30. Kg2 R3f4 31. Rf1 Rxf1 32. Bxf1 c5 33. b3
Re8 34. Rd5 Bf6 35. Bh2 Kg7 36. Bf4 Rd8 37. Rxd8 Bxd8 38. Kf3 h5 39. Bb8 a5 40.
a4 Kf6 41. Ke4 h4 42. Bf4 Kg6 43. Bh3 Kf6 44. Kd5 Kf7 45. Kc6 Kg6 46. Kd5 Kf6
1-0

[Event "Pavlodar Open 2016"]
[Site "Pavlodar, "]
[Date "2016.11.25"]
[Round "6"]
[White "Egorov, Evgeny"]
[Black "Mukhit, Aisezym"]
[Result "1-0"]
[WhiteElo "2361"]
[BlackElo "2057"]
[PlyCount "87"]
[EventDate "2017.??.??"]

1. e4 d6 2. Nc3 e5 3. f4 Nf6 4. Nf3 Bg4 5. Bc4 Be7 6. fxe5 Bxf3 7. Qxf3 dxe5 8.
d3 Nc6 9. O-O O-O 10. Kh1 Nd4 11. Qd1 Qd7 12. Be3 c6 13. a4 Qg4 14. Qd2 Qh5 15.
h3 Ng4 16. Bg1 Bg5 17. Qd1 Nf6 18. Bxd4 exd4 19. Qxh5 Nxh5 20. Ne2 Be3 21. c3
dxc3 22. bxc3 Rae8 23. Rf3 Bg5 24. Raf1 Nf6 25. Rf5 Bd2 26. g4 Re7 27. Kg2 Nd7
28. d4 Nb6 29. Bb3 Nd5 30. Bxd5 cxd5 31. Rd1 Be3 32. exd5 Rc8 33. Re5 Kf8 34.
Kf3 Bh6 35. Rb1 b6 36. a5 Rxe5 37. dxe5 Rc5 38. axb6 axb6 39. Ke4 b5 40. d6 Ke8
41. Kd4 Rc4+ 42. Kd5 Bd2 43. Rxb5 Rc8 44. c4 1-0

[Event "Pavlodar Open 2016"]
[Site "Pavlodar, "]
[Date "2016.11.29"]
[Round "10"]
[White "Egorov, Evgeny"]
[Black "Mamyrbay, Assad"]
[Result "1-0"]
[WhiteElo "2361"]
[BlackElo "2284"]
[PlyCount "137"]
[EventDate "2017.??.??"]

1. g3 Nf6 2. Bg2 d5 3. Nf3 g6 4. c4 d4 5. d3 c5 6. e3 Nc6 7. exd4 cxd4 8. O-O
Bg7 9. Na3 O-O 10. Re1 Nd7 11. Nc2 a5 12. b3 Re8 13. Ba3 Qb6 14. h3 Nc5 15.
Bxc5 Qxc5 16. a3 Bd7 17. Qd2 Qd6 18. b4 axb4 19. axb4 b6 20. Rxa8 Rxa8 21. b5
Na5 22. Qb4 Qc7 23. Nfxd4 Rd8 24. Rxe7 Qc5 25. Qxc5 bxc5 26. Nc6 Bxc6 27. Bxc6
Nxc6 28. bxc6 Rc8 29. c7 Kf8 30. Rd7 Ke8 31. Rd8+ Rxd8 32. cxd8=Q+ Kxd8 33. f3
Kd7 34. Kf2 Kd6 35. Ke3 h5 36. f4 Bf6 37. Ke4 Bg7 38. f5 Be5 39. g4 hxg4 40.
hxg4 Bf6 41. Ne3 Bd4 42. Ng2 g5 43. Ne1 f6 44. Nf3 Bb2 45. Ke3 Bc1+ 46. Ke2 Bb2
47. Kd2 Ba1 48. Kc2 Kc6 49. Kb3 Kb6 50. Nd2 Bd4 51. Ne4 Be5 52. Ka4 Bd4 53. Ng3
Be5 54. Nh5 Ka6 55. Ng7 Kb6 56. Ne6 Bc3 57. Kb3 Be5 58. Kc2 Kc6 59. Kd2 Kd6 60.
Ke3 Bb2 61. Ke4 Kc6 62. d4 cxd4 63. Kd3 Kd6 64. Nxd4 Ke5 65. Nb5 Bc1 66. Nc3
Kf4 67. c5 Ke5 68. Kc4 Bb2 69. Nd5 1-0

[Event "Pavlodar Open 2016"]
[Site "Pavlodar, "]
[Date "2016.11.22"]
[Round "2"]
[White "Egorov, Evgeny"]
[Black "Golovchuk, Oleg"]
[Result "1-0"]
[WhiteElo "2361"]
[BlackElo "2100"]
[PlyCount "75"]
[EventDate "2017.??.??"]

1. e4 e5 2. Nf3 Nf6 3. Nc3 Nc6 4. Be2 d5 5. exd5 Nxd5 6. O-O Nxc3 7. bxc3 Bd6
8. d4 O-O 9. Rb1 Rb8 10. Bg5 f6 11. Be3 Bg4 12. dxe5 fxe5 13. h3 Bh5 14. Ng5
Bxe2 15. Qxe2 Qe7 16. Qd3 g6 17. Rfd1 Kg7 18. c4 h6 19. c5 hxg5 20. cxd6 cxd6
21. Qxd6 Qf6 22. Qxf6+ Rxf6 23. Bxg5 Rf7 24. Rd6 Rc8 25. Re1 Rcc7 26. f4 exf4
27. Ree6 Ne7 28. c4 Kh7 29. Rd4 Nc6 30. Rdd6 Ne7 31. Rd8 Kg7 32. Kf2 Nc6 33.
Rdd6 Ne7 34. c5 Kh7 35. Rd8 Nc6 36. Ra8 f3 37. gxf3 Ne7 38. h4 1-0

[Event "Pavlodar Open 2016"]
[Site "Pavlodar, "]
[Date "2016.11.24"]
[Round "5"]
[White "Burmakin, Vladimir"]
[Black "Tologontegin, Semetey"]
[Result "1-0"]
[WhiteElo "2535"]
[BlackElo "2373"]
[PlyCount "95"]
[EventDate "2017.??.??"]

1. d4 Nf6 2. Nf3 c5 3. d5 b5 4. a4 b4 5. c4 e6 6. dxe6 fxe6 7. b3 Be7 8. Bb2
O-O 9. e3 Bb7 10. Nbd2 Ne4 11. Nxe4 Bxe4 12. Bd3 Bxf3 13. gxf3 Bf6 14. Qc2 Bxb2
15. Qxb2 Nc6 16. Rg1 Qf6 17. Qxf6 Rxf6 18. Be4 Rc8 19. O-O-O Rf7 20. Rd6 Nd8
21. f4 Rc7 22. Kd2 Rf6 23. Ke2 Nf7 24. Rd2 Rh6 25. Rg2 Kf8 26. Rd1 g6 27. Bf3
Ke7 28. Bg4 Nd6 29. Kf3 Rc8 30. Rd3 Rf8 31. Rg1 g5 32. Rgd1 e5 33. Rd5 e4+ 34.
Kg3 gxf4+ 35. exf4 Rg6 36. h4 Rfg8 37. Re5+ Kd8 38. Rg5 h6 39. Rxd6 hxg5 40.
Rxd7+ Ke8 41. fxg5 R6g7 42. Rd5 Rc7 43. h5 Re7 44. Kf4 Rf8+ 45. Bf5 Kf7 46. h6
Rfe8 47. g6+ Kg8 48. Rd7 1-0

[Event "Pavlodar Open 2016"]
[Site "Pavlodar, "]
[Date "2016.11.23"]
[Round "4"]
[White "Burmakin, Vladimir"]
[Black "Sannikov, Igor"]
[Result "1-0"]
[WhiteElo "2535"]
[BlackElo "2219"]
[PlyCount "68"]
[EventDate "2017.??.??"]

1. d4 Nf6 2. Nf3 e6 3. c4 c5 4. d5 exd5 5. cxd5 d6 6. Nc3 g6 7. e4 Bg7 8. Nd2
O-O 9. Be2 Re8 10. O-O b6 11. Re1 Ba6 12. a4 Bxe2 13. Qxe2 Nbd7 14. a5 Nxe4 15.
Ndxe4 Bxc3 16. bxc3 f5 17. Bg5 Qc7 18. axb6 Qxb6 19. Rab1 Qc7 20. Qa6 fxe4 21.
Rb7 Qc8 22. Bf4 Nb6 23. Bxd6 Nxd5 24. c4 Nb6 25. h3 Qe6 26. Bxc5 Nxc4 27. Qa4
Qd5 28. Rxa7 Rac8 29. Rd1 Qe6 30. Bd4 Re7 31. Rc1 Rxa7 32. Qxa7 Qf7 33. Qa6 Rc7
34. Qa8+ Qf8 1-0

[Event "Pavlodar Open 2016"]
[Site "Pavlodar, "]
[Date "2016.11.26"]
[Round "7"]
[White "Burmakin, Vladimir"]
[Black "Khegay, Dmitriy"]
[Result "1-0"]
[WhiteElo "2535"]
[BlackElo "2485"]
[PlyCount "137"]
[EventDate "2017.??.??"]

1. d4 Nf6 2. Nf3 e6 3. g3 c5 4. Bg2 cxd4 5. O-O d5 6. b3 Bc5 7. Bb2 Nc6 8. Nxd4
Nxd4 9. Bxd4 Bxd4 10. Qxd4 Qe7 11. Nc3 Bd7 12. e4 e5 13. Qd3 d4 14. Nd5 Nxd5
15. exd5 O-O 16. c3 dxc3 17. d6 Qf6 18. Qxc3 Qxd6 19. Rfd1 Qe6 20. Bxb7 Rae8
21. Qc7 Bb5 22. Bd5 Qe7 23. Rac1 g6 24. Qa5 Be2 25. Re1 Bg4 26. Bc6 Rc8 27.
Qxe5 Qa3 28. Qf4 Bh3 29. Qa4 Qd6 30. Bg2 Rxc1 31. Rxc1 Bxg2 32. Kxg2 Qd5+ 33.
Kg1 Qd2 34. Rb1 a5 35. b4 axb4 36. Rxb4 Rc8 37. Rc4 Rb8 38. Qc2 Qd7 39. a4 Re8
40. Re4 Rc8 41. Rd4 Qb7 42. Qd1 Qb6 43. Rd6 Qc7 44. Rd7 Qb6 45. Rxf7 Kxf7 46.
Qd7+ Kf6 47. Qxc8 Qb1+ 48. Kg2 Qe4+ 49. Kh3 Qxa4 50. Qh8+ Kf5 51. Qxh7 Qg4+ 52.
Kg2 Qe4+ 53. f3 Qe2+ 54. Kh3 Kf6 55. Qh4+ Kg7 56. Qe4 Qf2 57. Qe7+ Kh6 58. Qf6
Kh7 59. Kg4 Qe2 60. Qf7+ Kh8 61. h4 Qe5 62. Qf4 Qe6+ 63. Kg5 Kh7 64. Qc7+ Kh8
65. g4 Qf7 66. Qe5+ Kh7 67. h5 gxh5 68. Qf5+ Qxf5+ 69. gxf5 1-0

[Event "Pavlodar Open 2016"]
[Site "Pavlodar, "]
[Date "2016.11.27"]
[Round "8"]
[White "Bezgodov, Alexei"]
[Black "Makhnyov, Denis"]
[Result "1-0"]
[WhiteElo "2497"]
[BlackElo "2366"]
[PlyCount "110"]
[EventDate "2017.??.??"]

1. e4 e5 2. Nf3 Nc6 3. Bb5 Nf6 4. O-O Nxe4 5. d4 Nd6 6. Bxc6 dxc6 7. dxe5 Nf5
8. Qxd8+ Kxd8 9. Nc3 Ke8 10. h3 h6 11. Ne2 Be7 12. g4 Nh4 13. Nxh4 Bxh4 14. Bf4
Be7 15. Kg2 Bd7 16. Rad1 Rd8 17. f3 h5 18. Ng3 hxg4 19. hxg4 Be6 20. Nh5 Kf8
21. Rxd8+ Bxd8 22. Rd1 Be7 23. Be3 b6 24. Nf4 Bc8 25. Nh3 Ke8 26. Bg5 Be6 27.
Bxe7 Kxe7 28. Kg3 a5 29. a3 f6 30. Nf4 Bf7 31. exf6+ gxf6 32. Re1+ Kd6 33. Nh5
Rh6 34. Ng7 Rh7 35. Nf5+ Kd7 36. Re7+ Kd8 37. f4 Bg6 38. Rxh7 Bxh7 39. Ne3 Be4
40. f5 Ke7 41. Kf4 Bh1 42. g5 fxg5+ 43. Kxg5 Kf7 44. Kf4 a4 45. Ke5 b5 46. c3
Bf3 47. Nc2 Bh1 48. Nd4 Ke7 49. Ne6 Bd5 50. Nxc7 Ba2 51. Ne6 Bd5 52. Nd4 Bh1
53. f6+ Kf8 54. Ne6+ Ke8 55. Kf5 Bd5 1-0

[Event "Pavlodar Open 2016"]
[Site "Pavlodar, "]
[Date "2016.11.28"]
[Round "9"]
[White "Babujian, Levon"]
[Black "Turar, Dastan"]
[Result "1-0"]
[WhiteElo "2461"]
[BlackElo "2260"]
[PlyCount "60"]
[EventDate "2016.??.??"]

1. e4 c5 2. Nc3 d6 3. f4 g6 4. Nf3 Bg7 5. Bc4 Nf6 6. O-O O-O 7. d3 Nc6 8. Qe1
Nd4 9. Nxd4 cxd4 10. Ne2 d5 11. exd5 Nxd5 12. Bd2 b6 13. Qf2 Ne3 14. Bxe3 dxe3
15. Qf3 Qc7 16. c3 b5 17. Bb3 Bb7 18. Qxe3 Qc6 19. Rf2 e6 20. d4 a5 21. Re1
Rac8 22. h3 Rfd8 23. Kh2 Qd6 24. Bc2 Bd5 25. a3 f5 26. Bd3 Qb8 27. Rd1 Re8 28.
Rdf1 b4 29. axb4 axb4 30. cxb4 Qb6 1-0

[Event "Pavlodar Open 2016"]
[Site "Pavlodar, "]
[Date "2016.11.22"]
[Round "3"]
[White "Babujian, Levon"]
[Black "Oshakbayev, Bauyrzhan"]
[Result "1-0"]
[WhiteElo "2461"]
[BlackElo "2146"]
[PlyCount "68"]
[EventDate "2017.??.??"]

1. d4 d6 2. e4 Nf6 3. Nc3 Nbd7 4. f4 e5 5. Nf3 exd4 6. Qxd4 c6 7. Be2 Qb6 8.
Qxb6 axb6 9. O-O Nc5 10. Nd2 b5 11. b4 Na4 12. Nxa4 Rxa4 13. a3 d5 14. e5 Nd7
15. Bb2 Be7 16. f5 Bg5 17. Nb3 Be3+ 18. Kh1 O-O 19. Rae1 Bb6 20. e6 Nf6 21.
Bxf6 gxf6 22. Bh5 Rxa3 23. Rf4 fxe6 24. fxe6 Bxe6 25. Rxe6 Ra2 26. Bd1 Kg7 27.
g3 Bc7 28. Rf2 Be5 29. Kg2 Bc3 30. Rf4 Ra4 31. Nc5 Raa8 32. Re7+ Kg6 33. Ne6
Rfe8 34. Rg7+ Kh6 1-0

[Event "Pavlodar Open 2016"]
[Site "Pavlodar, "]
[Date "2016.11.11"]
[Round "7"]
[White "Babujian, Levon"]
[Black "Kazakov, Konstantin"]
[Result "1-0"]
[WhiteElo "2461"]
[BlackElo "2285"]
[PlyCount "49"]
[EventDate "2017.??.??"]

1. d4 Nf6 2. c4 e6 3. g3 d5 4. Nf3 Bb4+ 5. Bd2 Be7 6. Bg2 O-O 7. O-O c6 8. Qc2
b6 9. Rc1 Ba6 10. Ne5 Nfd7 11. Nxd7 Nxd7 12. cxd5 cxd5 13. Nc3 b5 14. a4 b4 15.
Nb5 Rc8 16. Qb3 Qa5 17. Nxa7 Bc4 18. Nxc8 Bxb3 19. Nxe7+ Kh8 20. Nc6 Qa6 21.
Ne5 Qb7 22. Bxb4 Rc8 23. Bd6 Bc4 24. e3 Nb6 25. Bc5 1-0

[Event "Pavlodar Open 2016"]
[Site "Pavlodar, "]
[Date "2016.11.24"]
[Round "5"]
[White "Babujian, Levon"]
[Black "Egorov, Evgeny"]
[Result "1-0"]
[WhiteElo "2461"]
[BlackElo "2361"]
[PlyCount "96"]
[EventDate "2017.??.??"]

1. e4 e5 2. Nf3 Nc6 3. d4 d5 4. Nxe5 dxe4 5. Bb5 Bd7 6. Nxd7 Qxd7 7. d5 a6 8.
dxc6 Qxd1+ 9. Kxd1 O-O-O+ 10. Ke2 axb5 11. cxb7+ Kxb7 12. Nc3 b4 13. Nxe4 Re8
14. Kd3 f5 15. Ng3 g6 16. Bd2 h5 17. c3 Re4 18. Ne2 Nf6 19. f3 Re8 20. g3 Nd7
21. Nf4 g5 22. Ng6 Rh6 23. Nxf8 Rd6+ 24. Kc2 Re2 25. Rad1 Nxf8 26. cxb4 Ne6 27.
Kc3 Rf2 28. f4 g4 29. a4 Rf3+ 30. Kc2 Nd4+ 31. Kb1 Rd3 32. Bc3 Nf3 33. Rc1 c6
34. Ka2 Re3 35. Rc2 Rd5 36. Rhc1 Red3 37. Re2 Rd1 38. Rcc2 Rh1 39. Re7+ Kb6 40.
Be5 Nxe5 41. fxe5 Rd3 42. e6 Rxh2 43. Rxh2 Rxg3 44. a5+ Ka6 45. Rc7 Re3 46.
Rxc6+ Kb7 47. b5 Re5 48. a6+ Ka7 1-0

[Event "Pavlodar Open 2016"]
[Site "Pavlodar, "]
[Date "2016.11.26"]
[Round "7"]
[White "Aleksandrov, Aleksej"]
[Black "Suleymenov, Alisher"]
[Result "1-0"]
[WhiteElo "2574"]
[BlackElo "2277"]
[PlyCount "67"]
[EventDate "2017.??.??"]

1. d4 Nf6 2. c4 Nc6 3. Nc3 e5 4. d5 Ne7 5. a3 d6 6. e4 g6 7. g3 Bg7 8. h4 O-O
9. Be2 Nd7 10. h5 f5 11. hxg6 hxg6 12. Nh3 Nc5 13. Ng5 fxe4 14. Nh7 Rf7 15. Ng5
Rf8 16. g4 c6 17. Ncxe4 Nxe4 18. Nxe4 cxd5 19. cxd5 Qa5+ 20. b4 Qd8 21. Qb3 b5
22. Qh3 Nxd5 23. Qh7+ Kf7 24. Ng5+ Kf6 25. Bd3 Ne7 26. Ne4+ Kf7 27. Ng5+ Kf6
28. Bxg6 Nxg6 29. Ne4+ Kf7 30. Rh6 Rh8 31. Qxg6+ Kg8 32. Rxh8+ Kxh8 33. Bg5 Qg8
34. Nf6 1-0

[Event "Pavlodar Open 2016"]
[Site "Pavlodar, "]
[Date "2016.11.25"]
[Round "6"]
[White "Aleksandrov, Aleksej"]
[Black "Agmanov, Zhandos"]
[Result "1-0"]
[WhiteElo "2574"]
[BlackElo "2356"]
[PlyCount "59"]
[EventDate "2017.??.??"]

1. d4 Nf6 2. c4 e6 3. Nf3 Bb4+ 4. Nbd2 O-O 5. a3 Be7 6. e4 d5 7. e5 Ne8 8. Qc2
b6 9. b4 c5 10. bxc5 bxc5 11. dxc5 Ba6 12. Bd3 h6 13. Nb3 Nc6 14. O-O dxc4 15.
Bxc4 Bxc4 16. Qxc4 Nc7 17. Bd2 Qd5 18. Rfc1 Rfd8 19. Qa4 Rab8 20. Na5 Nb5 21.
Be3 Rdc8 22. Nxc6 Qxc6 23. h3 Kf8 24. Rab1 Rd8 25. Qa5 a6 26. a4 Na3 27. Rb6
Qe4 28. c6 Rxb6 29. Bxb6 Nc4 30. Bxd8 1-0